000 00336nam a2200133Ia 4500
008 151001s9999||||xx |||||||||||||| ||und||
100 _aसुरेश खरे
245 _aमला उत्तर हवंय
250 _a1
260 _bजोशी ब्रदर्स
260 _c1971
300 _a76
365 _b18
999 _c956519
_d956516